| 000 | 02357cam a2200577 i 4500 | ||
|---|---|---|---|
| 001 | xx001936151 | ||
| 003 | NUKAT | ||
| 005 | 20260421110027.0 | ||
| 008 | 110124s2010 pl a |001 0 pol c | ||
| 020 |
_a9788323222125 _q(oprawa miękka) |
||
| 035 | _a(OCoLC)750899813 | ||
| 035 | _a(NUKAT)xx001936151 | ||
| 040 |
_aSZCZ M/KB _bpol _erda _cSZCZ M/KB _dWA U/DNs _dGD PAN/JSs _dOLSZT 008/bak |
||
| 041 | 0 |
_apol _beng |
|
| 046 | _k2010 | ||
| 245 | 0 | 0 |
_aFenomen ducha Europy / _credakcja naukowa Marek Jędraszewski, Mirosław Loba, Dorota Jewdokimow. |
| 260 |
_aPoznań : _bWydawnictwo Naukowe Uniwersytetu im. Adama Mickiewicza, _c2010. |
||
| 300 |
_a314 stron, [8] strony tablic ; _c24 cm. |
||
| 336 |
_aTekst _btxt _2rdacontent |
||
| 337 |
_aBez urządzenia pośredniczącego _bn _2rdamedia |
||
| 338 |
_aWolumin _bnc _2rdacarrier |
||
| 380 | _aKsiążki | ||
| 380 | _aPublikacje naukowe | ||
| 388 | 1 | _a2001- | |
| 490 | 1 |
_aSeria Filozofia i Logika / Uniwersytet im. Adama Mickiewicza w Poznaniu, _x0083-4246 ; _vnr 109 |
|
| 500 | _aNoty o autorach. | ||
| 504 | _aIndeks. | ||
| 546 | _aStreszczenie w języku angielskim. | ||
| 650 | 7 |
_aChrześcijaństwo _2DBN _940337 |
|
| 650 | 7 |
_aFilozofia kultury _2DBN _940338 |
|
| 650 | 7 |
_aIntegracja europejska _2DBN _938005 |
|
| 650 | 7 |
_aKultura _2DBN _935073 |
|
| 650 | 7 |
_aŚwiadomość społeczna _2DBN _935235 |
|
| 650 | 7 |
_aKultura _xfilozofia _y20 w. _2kaba _940339 |
|
| 650 | 7 |
_aChrześcijaństwo _zEuropa _y1990-. _2kaba _940340 |
|
| 650 | 7 |
_aChrześcijaństwo _zEuropa _xhistoria. _2kaba _940341 |
|
| 651 | 7 |
_aEuropa _2DBN _935699 |
|
| 651 | 7 |
_aEuropa _xcywilizacja _y1990-. _2kaba _940342 |
|
| 651 | 7 |
_aEuropa _xcywilizacja _xhistoria. _2kaba _940343 |
|
| 655 | 7 |
_aPraca zbiorowa _2DBN _935107 |
|
| 658 | _aEtnologia i antropologia kulturowa | ||
| 658 | _aReligia i duchowość | ||
| 658 | _aSocjologia i społeczeństwo | ||
| 700 | 1 |
_aJewdokimow, Dorota _c(kulturoznawstwo). _eRedakcja _940335 |
|
| 700 | 1 |
_aJędraszewski, Marek _d(1949- ). _eRedakcja _940333 |
|
| 700 | 1 |
_aLoba, Mirosław _d(1961- ). _eRedakcja _940334 |
|
| 710 | 2 |
_aUniwersytet im. Adama Mickiewicza (Poznań). _bWydawnictwo Naukowe. _eWydawca _4pbl _922738 |
|
| 830 | 0 |
_aFilozofia i Logika (Uniwersytet im. Adama Mickiewicza w Poznaniu) _x0083-4246 _vnr 109 _940336 |
|
| 920 | _a978-83-232-2212-5 (oprawa miękka) | ||
| 942 |
_2ddc _cBK_NM |
||
| 999 |
_c27707 _d27707 |
||